000 01045nam a2200241 a 4500
003 AM-YEHGA
001 876049
005 20250617163700.0
008 130917s1961 mv a||||r|||||000|0|rus||
040 _aAM-YeHGA
041 0 _arus
100 1 _aКиртока, А.С
245 1 0 _aГосударственная республиканская библиотека МССР им. Н.К. Крупской /
_cА.С. Киртока.
246 1 4 _aГосударственная республиканская библиотека имени Н. К. Крупской
260 _aКишинев :
_bКартя Молдовеняскэ,
_c1961.
300 _a80 с., 1 л. ил. :
_bил. ;
_c20 см.
610 2 4 _aМолдавская респ. б-ка им. Н.К.Крупской (Кишинев)
650 1 4 _aБиблиотечное дело
650 1 4 _aПубличные библиотеки
_z Молдавская ССР
653 0 _aУниверсальные библиотеки
942 _2udc
_cBK
090 _c514557
999 _c511076
_d511076